Normal view
MARC view
- Evans , David
Entry Personal Name
001 - CONTROL NUMBER
- control field: 4817
003 - CONTROL NUMBER IDENTIFIER
- control field: JO-AjAnu
005 - DATE AND TIME OF LATEST TRANSACTION
- control field: 20230606071102.0
008 - FIXED-LENGTH DATA ELEMENTS
- fixed length control field: 230606|| aca||aabn | a|a d
040 ## - CATALOGING SOURCE
- Original cataloging agency: JO-AjAnu
- Transcribing agency: JO-AjAnu
100 ## - HEADING--PERSONAL NAME
- Personal name: Evans , David
670 ## - SOURCE DATA FOUND
- Source citation: Work cat.: (JO-AjAnu)2492: Evans , David, author, the 8 arab conference new trends in hospital administration mitigating the impact of global economic crisis on health care systems